International trade and finance: readings
Wedi'i Gadw mewn:
| Prif Awduron: | , |
|---|---|
| Fformat: | Llyfr |
| Iaith: | Saesneg |
| Cyhoeddwyd: |
Boston
Little, Brown and Company
1974
|
| Pynciau: | |
| Tagiau: |
Ychwanegu Tag
Dim Tagiau, Byddwch y cyntaf i dagio'r cofnod hwn!
|
MARC
| LEADER | 00000nam a2200000 a 4500 | ||
|---|---|---|---|
| 001 | UCR8482 | ||
| 003 | CL-VaPUC | ||
| 008 | 980529e19740000US |||||||||||||||||eng|d | ||
| 082 | 0 | 4 | |a 382 |b BAL |2 21 |
| 100 | 0 | |a Baldwin, Robert E |e author |9 410280 | |
| 700 | 0 | |a Richardson, J. David |e author |9 410281 | |
| 245 | 1 | 0 | |a International trade and finance: readings |
| 300 | |a 486 p | ||
| 942 | |c BK | ||
| 945 | |d 19980529 00:00:00 |a cmena | ||
| 260 | |a Boston |b Little, Brown and Company |c 1974 | ||
| 650 | 7 | |a COMERCIO INTERNACIONAL |2 CL-VaPUC |9 410282 | |
| 650 | 0 | |a Aranceles |9 378565 | |
| 650 | 7 | |a POLITICA ARANCELARIA |2 CL-VaPUC |9 338636 | |
| 650 | 7 | |a PROTECCIONISMO |2 CL-VaPUC |9 338779 | |
| 650 | 0 | |a Relaciones Internacionales |9 255740 | |
| 650 | 0 | |a Balanza de pagos |9 316476 | |
| 650 | 7 | |a SISTEMAS MONETARIOS INTERNACIONALES |2 CL-VaPUC |9 351627 | |
| 650 | 7 | |a SISTEMAS ECONOMICOS INTERNACIONALES |2 CL-VaPUC |9 338633 | |
| 583 | |a last modification |c 19980529 00:00:00 |k Rodrigo Vera | ||
| 999 | |c 269886 |d 269884 | ||